000 00460 a2200169 4500
003 OSt
005 20231018114909.0
008 231007b |||||||| |||| 00| 0 eng d
020 _a9780241994078
040 _coclc
082 _a823
_bBOY/R
100 1 _aBoyd, William,
_d1952-
_99702
245 _aTHE ROMANTIC /
_cWilliam Boyd
260 _aUK:
_bPenguin books,
_c2022.
300 _a459 p
942 _2ddc
_cBK
_h823
_iBOY/R
_k823
_mBOY/R
999 _c42582
_d42582